Dear god (Lyrics)- Tate McRae - Statistics

General Stats
  • This quiz has been taken 118 times
  • The average score is 269 of 376
Answer Stats
Answer % Correct
I
97%
"I
97%
the
96%
my
94%
Dear
92%
dear
92%
you
92%
you"
92%
God
90%
he
89%
of
86%
Back
83%
back
83%
to
83%
To
83%
Take
82%
mind
81%
out
81%
his
79%
in
79%
it
78%
love
78%
say
78%
there
78%
there"
78%
be
76%
kiss
76%
on
76%
Hands
75%
hands
75%
and
74%
And
74%
am
72%
have
72%
still
72%
way
72%
carpet
71%
chest
71%
hope
71%
knees
71%
stay
71%
stop
71%
used
71%
right
69%
sex
69%
"Hey
68%
pain
68%
play
68%
but
67%
But
67%
that
67%
we
67%
brain
65%
I'm
65%
our
65%
pleasure
65%
years
65%
All
64%
all
64%
listenin'
64%
want
64%
you'll
64%
you're
64%
"amazing"
63%
away
63%
baby
63%
ever
63%
Hopin'
61%
seen
60%
'em
58%
give
58%
Haven't
58%
no
58%
pray
58%
two
58%
memories
57%
same
57%
this
57%
up
57%
about
56%
good
56%
here
56%
it's
56%
Lay
56%
might
56%
everything
54%
like
54%
babe
53%
I'd
51%
name
51%
person
51%
thoughts
51%
air
50%
almost
50%
Get
50%
knees
50%
missin'
50%
never
50%
promise
50%
time
50%
workin'
50%
bein'
49%
breathe
49%
bed
47%
honest
47%
imprint
46%
just
44%
New
44%
Pops
44%
erase
43%
Facts
43%
why
43%
ain't
42%
him
42%
I've
40%
Really
39%
That's
39%
With
39%
Hottest
38%
tryna
33%
Thing
32%
touched
32%
No matching quizzes found
Score Distribution
Percent of People with Each Score
Percentile by Number Answered
Your Score History
You have not taken this quiz